Loading...
Case Studies in Management
| Main Author: | |
|---|---|
| Format: | Printed Book |
| Published: |
Chenni
MJP
2011
|
| LEADER | 00439nam a22001337a 4500 | ||
|---|---|---|---|
| 020 | |a 9788180941238 | ||
| 082 | |a 658 |b MAN/CA | ||
| 100 | |a Mann,Puja Walia | ||
| 245 | |a Case Studies in Management | ||
| 260 | |a Chenni |b MJP |c 2011 | ||
| 300 | |a 371p. | ||
| 942 | |c BK | ||
| 999 | |c 4333 |d 4333 | ||
| 952 | |0 0 |1 0 |4 0 |6 658_000000000000000_MAN_CA |7 0 |8 NFIC |9 5401 |a KUFOSSMEL |b KUFOSSMEL |c GEN |d 2016-05-31 |e From KUFOS Central Library |g 1200.00 |o 658 MAN/CA |p 15471 |r 2016-05-31 |y BK | ||